| Registos Bibliográficos associados ao registo de autoridade |
|
Etiqueta de registo: 00254nam 2200025 450 001 2211446 003 http://id.bnportugal.gov.pt/bib/catbnp/2211446 100 ## $a20250414d2024 k y0pory01030103ba 101 0# $aeng$dpor 102 ## $aPT 105 ## $aa m 000yy 106 ## $ar 200 1# $aBenzopyrylium (flavylium) based dyes for reversible thermochromic smart labels$fMaria Angela Spirache$gadviser António Jorge Dias Parola, César António Tonicha Laia, Philippe Marrec 210 #9 $aLisboa$c[s.n.],$d2024 215 ## $aXXXIII, 152 p.$cil.$d30 cm 328 #1 $aTese dout. Chemistry, NOVA School of Science & Technology, NOVA University of Lisbon,
2024 675 ## $a544(043)$vBN$zpor$31248239 675 ## $a536(043)$vBN$zpor$3297477 700 #1 $aSpirache,$bMaria Angela$31952190 702 #1 $aParola,$bAntónio Jorge Dias$4727$370957 702 #1 $aLaia,$bCésar António Tonicha$4727$3955622 702 #1 $aMarrec,$bPhilippe$4727$31952193 801 #0 $aPT$bBN$gRPC 856 40 $2Cópia digital disponível no Repositório da Universidade Nova de Lisboa$uhttp://hdl.handle.net/10362/177953 966 ## $lBN$mFGMON$sS.A. 190708 V.$x1 971 ## $cssilva$d20250414 972 ## $e0$z0$d20250505$vasantos 973 ## $cmlsousa$d20250430 975 ## $e0$d20250507$viraminhos
Etiqueta de registo: 00254nam 2200025 450 001 2275440 003 http://id.bnportugal.gov.pt/bib/catbnp/2275440 100 ## $a20260304d2024 k y0pory01030103ba 101 0# $aeng$dpor 102 ## $aPT 105 ## $aa m 000yy 106 ## $ar 200 1# $aThermoresponsive hydrogels and supramolecular approaches to irreversible thermochromic
systems$fAlberto Trevisan$gadviser Nuno Miguel Jesuíno Basílio, António Jorge Dias Parola, Philippe Marrec 210 #9 $aLisboa $c[s.n.],$d2024 215 ## $aXLI, 172 p.$cil.$d30 cm 300 ## $aAcesso não autorizado pelo autor por um periodo de 1 ano 328 #1 $aTese dout. Sustainable Chemistry and Technologies, Universidade Nova de Lisboa, 2024 675 ## $a544.18(043)$vBN$zpor$31161763 700 #1 $aTrevisan,$bAlberto,$f1991-$31988776 702 #1 $aBasílio,$bNuno Miguel Jesuíno$4727$31815693 702 #1 $aBasílio,$bNuno Miguel Jesuíno$4727$31815693 702 #1 $aMarrec,$bPhilippe$4727$31952193 801 #0 $aPT$bBN$gRPC 966 ## $lBN$mFGMON$x1 971 ## $cabrito$d20260304 973 ## $cmlsousa$d20260415
|
|
|